Brand Strategy (Record no. 1595)
[ view plain ]
| 000 -LEADER | |
|---|---|
| fixed length control field | 01324cam a22002054a 4500 |
| 005 - ΗΜΕΡΟΜΗΝΙΑ ΚΑΙ ΩΡΑ ΤΕΛΕΥΤΑΙΑΣ ΕΝΗΜΕΡΩΣΗΣ | |
| Πεδίο ελέγχου | 20250605164013.0 |
| 008 - FIXED-LENGTH DATA ELEMENTS--GENERAL INFORMATION | |
| Πεδίο ελέγχου σταθερού μήκους | 250528s ||||||||||||||||||||||||d |
| 035 ## - SYSTEM CONTROL NUMBER | |
| System control number | 16055 |
| 020 ## - ISBN | |
| ISBN | 1870555309 |
| 040 ## - ΠΗΓΗ ΚΑΤΑΛΟΓΟΓΡΑΦΗΣΗΣ | |
| Φορέας πρωτότυπης καταλογογράφησης | MC Athens Campus Library |
| Γλώσσα καταλογογράφησης | Ελληνικά, Μοντέρνα (1453-) |
| Modifying agency | MC Athens Campus Library |
| Κανόνες περιγραφικής καταλογογράφησης | AACR2 |
| 245 1# - ΤΙΤΛΟΣ ΚΑΙ ΔΗΛΩΣΗ ΥΠΕΥΘΥΝΟΤΗΤΑΣ | |
| Τίτλος | Brand Strategy |
| 260 ## - PUBLICATION, DISTRIBUTION, ETC. | |
| Name of publisher, distributor, etc. | Director Books, |
| Date of publication, distribution, etc. | 1990 |
| 300 ## - PHYSICAL DESCRIPTION | |
| Extent | 190 |
| 505 0# - FORMATTED CONTENTS NOTE | |
| Formatted contents note | Preface, What is Brand, The Significance of Branding, How to brand New Products, Branding Services, The Use of Corporate Brand, Branding Industrial Products, Own Label, Developing New brand Names, Developing Logos and Packaging, Developing Corporate Identities, Managing Brands, Brand Extension, International Branding, The Legal Side of Brands, Licensing and Franchising, Valuing Brands, The Future of Branding, Bibliography, Index. |
| 520 ## - SUMMARY, ETC. | |
| Summary, etc. | Preface, What is Brand, The Significance of Branding, How to brand New Products, Branding Services, The Use of Corporate Brand, Branding Industrial Products, Own Label, Developing New brand Names, Developing Logos and Packaging, Developing Corporate Identities, Managing Brands, Brand Extension, International Branding, The Legal Side of Brands, Licensing and Franchising, Valuing Brands, The Future of Branding, Bibliography, Index. |
| 700 1# - ΠΡΟΣΘΕΤΗ ΑΝΑΓΡΑΦΗ--ΦΥΣΙΚΟ ΠΡΟΣΩΠΟ | |
| Personal name | Murphy M. John |
| 9 (RLIN) | 2095 |
| 942 ## - ADDED ENTRY ELEMENTS (KOHA) | |
| Koha item type | Books |
| Τύπος τεκμηρίου | Βιβλιοθήκη | Τρέχουσα τοποθεσία | Barcode | Αριθμός εισαγωγής | Ημερομηνία απόκτησης | Ταξιθετικό σύμβολο | Αριθμός αντιτύπου | Κατάσταση απόσυρσης | Κατάσταση χαμένου | Κατάσταση κατεστραμμένου | Μη δανεισμός | Σύνολο δανεισμών | Ημερομηνία τελευταίας εμφάνισης | Η τιμή ισχύει από |
|---|---|---|---|---|---|---|---|---|---|---|---|---|---|---|
| Books | MC Athens Campus Library | MC Athens Campus Library | 9780000015945 | 2681 | 05/06/2025 | 658.827 MUR | 1 | 05/06/2025 | 05/06/2025 |